Dopasuj morze do państwa - Statystyki

Ogólne statystyki
  • Ten quiz został rozwiązany 24 razy
  • Średni wynik to 12 z 20
Statystyki odpowiedzi
Morze Państwa % Poprawnych
Morze Południowochińskie Brunei|Chiny|Filipiny|Indonezja|Kambodża|Malezja|Wietnam|Singapur|Tajwan|Tajlandia
95%
Morze Bałtyckie Finlandia|Szwecja|Rosja|Litwa|Łotwa|Estonia|Polska|Niemcy|Dania
95%
Morze Japońskie Korea Południowa|Korea Północna|Rosja|Japonia
95%
Morze Żółte Chiny|Korea Południowa|Korea Północna
82%
Morze Arabskie Indie|Iran|Pakistan|Oman|Jemen|Somalia
82%
Morze Tasmana Australia|Nowa Zelandia
77%
Morze Egejskie Grecja|Turcja
77%
Morze Koralowe Australia|Papua-Nowa Gwinea|Vanuatu|Wyspy Salomona
73%
Morze Beauforta Stany Zjednoczone|Kanada
73%
Morze Ochockie Rosja|Japonia
68%
Morze Łaptiewów Rosja
59%
Morze Czukockie Stany Zjednoczone|Rosja
59%
Morze Liguryjskie Włochy|Francja|Monako
59%
Morze Celebes Indonezja|Malezja|Filipiny
50%
Morze Sargassowe Stany Zjednoczone|Bahamy
45%
Morze Andamańskie Mjanma|Tajlandia
41%
Morze Lakkadiwskie Indie|Sri Lanka|Malediwy
32%
Morze Sawu Indonezja
32%
Morze Sulu Filipiny|Malezja
23%
Morze Moluckie Indonezja
23%
Nie znaleziono quizów pasujących do podanych kryteriów
Rozkład punktacji
Procent ludzi z każdym wynikiem
Percentyl według liczby udzielonych odpowiedzi
Twoja historia wyników
Nie rozwiązałeś tego quizu